| 000 | 00484nam a2200181Ia 4500 | ||
|---|---|---|---|
| 001 | 15455 | ||
| 005 | 20260306170157.0 | ||
| 008 | 260306t1964||||xx |||||||||||||| ||und|| | ||
| 041 | _aESP | ||
| 082 |
_a540 _bP29 |
||
| 100 |
_aPauling, Linus _eAUT |
||
| 245 | 0 |
_aQuímica general: _buna introducción a la química descriptiva y a la moderna teoría química |
|
| 260 | _c1964 | ||
| 300 |
_a694 páginas : _c21 cm. |
||
| 650 | _aGEN | ||
| 654 | _aCCN | ||
| 942 |
_cLIB _dJUS _fJUS _2ddc _n |
||
| 999 |
_c15455 _d15455 |
||